Learning from data : concepts, theory, and methods

Αποθηκεύτηκε σε:
Λεπτομέρειες βιβλιογραφικής εγγραφής
Κύριος συγγραφέας: Cherkassky, Vladimir S.
Άλλοι συγγραφείς: Mulier, Filip
Μορφή: Βιβλίο
Γλώσσα:English
Δημοσίευση: New York : John Wiley & Sons, c1998
Σειρά:Adaptive and learning systems for signal processing, communications, and control
Θέματα:
Διαθέσιμο Online:http://www.loc.gov/catdir/toc/onix04/97043019.html
Ετικέτες: Προσθήκη ετικέτας
Δεν υπάρχουν, Καταχωρήστε ετικέτα πρώτοι!

MARC

LEADER 00000nam a2200000 i 4500
001 1/95156
008 991206s1998 eng d
020 |a 0-471-15493-8 
035 |l 10055175 
040 |a GR-MY-UA  |b gre  |e aacr 
041 0 |a eng 
082 0 |a 006.31 
100 1 |a Cherkassky, Vladimir S. 
245 1 0 |a Learning from data :  |b concepts, theory, and methods /  |c Vladimir Cherkassky, Filip Mulier 
260 |a New York :   |b John Wiley & Sons,   |c c1998 
300 |a xviii, 441 σ.;  |c 24 εκ. 
490 1 |a Adaptive and learning systems for signal processing, communications, and control 
504 |a Περιέχει βιβλιογραφικές αναφορές και ευρετήριο 
650 0 0 |a Adaptive signal processing. 
650 0 0 |a Machine learning. 
650 0 0 |a Neural networks (Computer science) 
650 0 0 |a Fuzzy systems. 
700 1 |a Mulier, Filip. 
830 0 |a Adaptive and learning systems for signal processing, communications, and control 
852 |a INST  |b CHIOS  |e 19991206  |h 006.31 CHE  |p 005200019318  |q 005200019318  |t BK  |y 0 
852 |a INST  |b CHIOS  |e 20070809  |h 006.31 CHE  |p 005200025788  |q 005200025788  |t BK  |y 0 
852 |a INST  |b SAMOS  |e 20041025  |h 006.31 CHE  |p 005300022987  |q 005300022987  |t BK  |y 0 
856 |c Πίνακας περιεχομένων  |u http://www.loc.gov/catdir/toc/onix04/97043019.html 
901 |a BIBL3-2004-3 
901 |a BIBL2-2000-1 
901 |a BIBL2-2007-2 
909 |a Σ  |b 107661 
909 |a Χ  |b 070713 
909 |a Χ  |b 136961 
920 |a ΔΙΕΥΡΥΝΣΗ  |b ΕΠΕΑΕΚ-ΤΣΑΕ  |y ΣΑΜΟΣ  |z 2004-10 
922 |a 2ΕΛΗ  |b 199911  |c ΤΝΕΥ  |d ΠΑΠΑΣΩΤΗΡΙΟΥ 
922 |a 2ΕΛΗ  |b 200707  |c ΕΠΕΑΕΚ2/ΤΜΟΔ  |d ΠΑΠΑΣΩΤΗΡΙΟΥ 
950 |a 125-1999-07-15 
970 |a ΣΠΕΝΤΖΑ  |b ΕΛΕΝΗ  |z 2000/03/28